| 000 | 00428nam a2200169Ia 4500 | ||
|---|---|---|---|
| 008 | 210719s1991 xx 000 0 und d | ||
| 020 | _a0840795947 | ||
| 041 | _aeng | ||
| 082 | _a362.5 TEMF | ||
| 100 | _aTEMPLE (Gray) | ||
| 245 | _aFiftytwo ways to help homeless people. | ||
| 260 |
_aNashville. _bThomas Nelson Publishers., _c1991 |
||
| 300 |
_a143 _bPB |
||
| 365 | _cRs | ||
| 650 | _aSocial Welfare | ||
| 906 | _aPoverty | ||
| 999 |
_c213577 _d213577 |
||